Stabilita a příklon ke konzervativním hodnotám

Investori a vnímanie strednej a východnej Európy ako jedného celku. Český bankový trh v porovnaní s ďalšími štátmi tohto regiónu. Konzervatívne hodnoty českých bánk a dôvera klientov. Banky a prepojenie firiem s klientmi. Spolupráca Európskej bankovej federácie a Českej bankovej asociácie.

Guardado en:
Detalles Bibliográficos
Autor principal: Kunert, Jiří
Formato: Capítulo de libro
Lenguaje:checo
inglés
Materias:
Etiquetas: Agregar Etiqueta
Sin Etiquetas, Sea el primero en etiquetar este registro!

MARC

LEADER 00000naa$a2200000$$$4500
001 0114209
005 20231129093251.0
041 0 |a cze 
041 0 |a eng 
044 |a CZ 
245 1 0 |a Stabilita a příklon ke konzervativním hodnotám  |c Jiří Kunert 
520 |a Investori a vnímanie strednej a východnej Európy ako jedného celku. Český bankový trh v porovnaní s ďalšími štátmi tohto regiónu. Konzervatívne hodnoty českých bánk a dôvera klientov. Banky a prepojenie firiem s klientmi. Spolupráca Európskej bankovej federácie a Českej bankovej asociácie. 
610 2 0 |a Česko 
610 2 0 |a banky 
610 2 0 |a bankovníctvo 
610 2 0 |a aktíva 
610 2 0 |a podnikanie obozretné 
610 2 0 |a politika úverová 
610 2 0 |a bilancia finančná 
610 2 0 |a výnosy 
100 1 |a Kunert, Jiří